000 00764nam a2200253Ia 4500
003 OSt
005 20220928130352.0
006 a|||||r|||| 00| 0
007 ta
008 220927b |||||||| |||| 00| 0 eng d
020 _c4606.9799999999996
024 _a120759
037 _b74, 28/11/2013, Pioneer Book Distributors
_cTextual
040 _aSDCL
_cSDCL
_beng
041 _2eng
_aeng
082 _aX:71, Q3
100 _aRaa Thijs Ten
_9447913
245 0 _aMicroeconomics
_b Equilibrium & efficiency
260 _aHoundmills
_bPalgrave Macmillan
_c2013
300 _axx;348p.
_ccm.
650 _aFinancial Studies
942 _hX:71, Q3
_cTEXL
_2CC
999 _c786304
_d786304